[Event "Manila AQ Prime op 3rd"]
[Site "Manila"]
[Date "2023.11.02"]
[Round "4"]
[White "Tiu, Sherwin"]
[Black "Arroyo, Jack"]
[Result "1-0"]
[WhiteElo "2243"]
[BlackElo "1813"]
[PlyCount "31"]
[EventDate "2023.10.28"]
[EventType "swiss"]
[EventRounds "9"]
[EventCountry "PHI"]
[SourceTitle "CB46_2023"]
[SourceDate "2023.11.15"]
[SourceVersion "1"]
[SourceVersionDate "2023.11.15"]
[SourceQuality "1"]

1. e4 e6 2. d4 d5 3. Nd2 Nc6 4. Ngf3 Nf6 5. e5 Nd7 6. Be2 f6 7. exf6 Qxf6 8. Nf1 e5 9. Ne3 e4 10. Nxd5 Qd6 11. Bc4 exf3 12. 0-0 Qg6 13. Re1+ Kd8 14. Nf4 Qg4 15. h3 Qf5 16. Ne6+ 1-0